000 00632nam a2200169 i 4500
001 77274
003 ES-MaACL
005 20230906173136.0
007 t|
008 041007s1973 sp ||||1| spa d
100 1 _aGutierrez Nieto, Juan Ignacio.
_961197
245 1 3 _aLa discriminación de los conversos y la tibetización de Castilla, por Felipe II /
_cJuan Ignacio Gutiérrez Nieto.
260 _a[Madrid :
_bUniversidad Complutense de Madrid,
_c1973]
300 _a16 h. ;
_c24 cm.
500 _aEs separata de: Revista de la Universidad Complutense. Vol. XXII, nº 87, pág. 99-129.
852 _aES-MaACL
_j2091-F-31
_bR.92144
999 _c77274
_d77274